000 00495nam a2200181Ia 4500
003 GCL
008 140319s9999 xx 000 0 ara d
040 _aGCL /
_cGCL
082 0 4 _a891.703
_bك ر
100 1 _aسعد زهران
245 1 0 _aالربيع على ضفاف الاودر /
_cسعد زهران
700 1 _aكازاكنتش، ايمانويل
300 _a322 ص
490 _a
650 0 4 _aالادب الروسى
650 0 4 _aالقصص الروسية
942 _2ddc
_cBK
999 _c40529
_d40529